00886cam a2200217 a 450000100100000000500170001000800410002704000310006808200190009910000440011824500460016226000630020830000200027158601150029165000360040665000480044291000320049004900090052295201220053199900150065300000510020200929151559.0810903s1958 pr 000 p spa d aDO-SdBNPcCarPdDLCdBNPHU aPR861.44bJ64c1 aJoglar Cacho, Manuel,d1898-198491463010aCanto a los ángeles /cM. Joglar Cacho. a[San Juan, Puerto Rico] :bAtenco Puertorriqueño,c1958. a69 p. ;c20 cm. aPremiado por el Eteneo Puertorriqueño en el certamen de poesía auspiciado por el Festival de Navidad 1957. 4aPoesía puertorriqueña91015 4aLiteratura puertorriqueñaySIGLO XX95311 aCatalogación derivada/ LC aBNGR 001054708MOaGRbGRcCTd2009-07-29iLF1l0oPR861.44 J64cp5100-10r2020-06-25w2020-06-25y4ZPréstamo en sala c4903d4903